000 00944nam a22002295i 4500
001 157798
003 ES-MaACL
005 20231228063235.0
008 960320s1844 sp |||| | spa d
040 _aAS
_bspa
_cCCPB | SIC
080 _a821.134.2-4"18"
100 1 _aLista y Aragón, Alberto,
_d1775-1848
_972559
245 1 0 _aEnsayos literarios y críticos /
_cpor Alberto Lista y Aragón ; con un prólogo por José Joaquín de Mora.
260 _aSevilla :
_bCalvo-Rubio y Compañía,
_c1844.
300 _a2 v. ;
_c26 cm.
530 _aDisponible también en sitio web.
597 _aVol. I (XI, 172 p.) -- vol. II (230 p.)
700 1 _aMora, José Joaquín de (
_d1783-1864)
_982860
852 _aES-MaACL
_jB-4835
_z-- Enc. hol.
_z-- 2 t. en 1 v.
856 _uhttp://bibliotecadigitalhispanica.bne.es:80/webclient/DeliveryManager?pid=1809059&custom_att_2=simple_viewer
_zIr a la página
999 _c157798
_d157798